书目信息 |
| 题名: |
重庆渝东南民族地区旅游精准扶贫研究
|
|
| 作者: | 李莉 , 陈雪钧 著 | |
| 分册: | ||
| 出版信息: | 北京 北京理工大学出版社 2019.05 |
|
| 页数: | 124页 | |
| 开本: | 21cm | |
| 丛书名: | ||
| 单 册: | ||
| 中图分类: | F592.771.9 | |
| 科图分类: | ||
| 主题词: | 民族地区--min zu di qu--不发达地区--旅游业发展--研究--重庆 | |
| 电子资源: | ||
| ISBN: | 978-7-5682-6951-3 | |
| 000 | 01093nam0 2200253 450 | |
| 001 | 202019138066 | |
| 005 | 20191026133322.0 | |
| 010 | @a978-7-5682-6951-3@dCNY32.00 | |
| 100 | @a20191025d2019 em y0chiy50 ea | |
| 101 | 0 | @achi |
| 102 | @aCN@b110000 | |
| 105 | @aa a 000yy | |
| 106 | @ar | |
| 200 | 1 | @a重庆渝东南民族地区旅游精准扶贫研究@Achong qing yu dong nan min zu di qu lu^ you jing zhun fu pin yan jiu@f李莉, 陈雪钧著 |
| 210 | @a北京@c北京理工大学出版社@d2019.05 | |
| 215 | @a124页@c图@d21cm | |
| 320 | @a有书目 (第114-124页) | |
| 330 | @a本书主要研究渝东南民族地区本旅游精准扶贫相关议题, 主要内容包括: 新时期重庆民族地区旅游扶贫的环境变化及其影响、新时期重庆民族地区旅游扶贫的实践探索与现实困境、重庆民族地区居民感知旅游扶贫价值、精准扶贫视角下重庆民族地区旅游扶贫模式创新、新时期推进重庆民族地区旅游精准扶贫的路径、案例研究。 | |
| 606 | 0 | @a民族地区@Amin zu di qu@x不发达地区@x旅游业发展@x研究@y重庆 |
| 690 | @aF592.771.9@v5 | |
| 701 | 0 | @a李莉@Ali li@4著 |
| 701 | 0 | @a陈雪钧@Achen xue jun@4著 |
| 801 | 0 | @aCN@c20190905 |
| 905 | @a河南城建学院图书馆@dF592.771.9@eL203 | |
| 重庆渝东南民族地区旅游精准扶贫研究/李莉, 陈雪钧著.-北京:北京理工大学出版社,2019.05 |
| 124页:图;21cm |
| ISBN 978-7-5682-6951-3:CNY32.00 |
| 本书主要研究渝东南民族地区本旅游精准扶贫相关议题, 主要内容包括: 新时期重庆民族地区旅游扶贫的环境变化及其影响、新时期重庆民族地区旅游扶贫的实践探索与现实困境、重庆民族地区居民感知旅游扶贫价值、精准扶贫视角下重庆民族地区旅游扶贫模式创新、新时期推进重庆民族地区旅游精准扶贫的路径、案例研究。 |
| ● |
| 相关链接 |
|
|
|
正题名:重庆渝东南民族地区旅游精准扶贫研究
索取号:F592.771.9/L203
 
预约/预借
| 序号 | 登录号 | 条形码 | 馆藏地/架位号 | 状态 | 备注 |
| 1 | 1456080 | 214560802 | 社科库409/409社科库 40排2列1层/ [索取号:F592.771.9/L203] | 在馆 | |
| 2 | 1456081 | 214560811 | 社科库409/409社科库 40排2列1层/ [索取号:F592.771.9/L203] | 在馆 |